| 000 | 00626nam a2200205 a 4500 | ||
|---|---|---|---|
| 001 | 000038169 | ||
| 003 | DO-SdBNP | ||
| 005 | 20220920111832.0 | ||
| 007 | ta | ||
| 008 | 130320s1991 dr 000 0 spa d | ||
| 040 |
_aDO-SdBNP _bspa _cBNPHU |
||
| 082 |
_a262.91 _bJ91c |
||
| 100 | 1 |
_aJuan Pablo II, Papa _982405 |
|
| 245 | 1 | 0 |
_aCarta encĂclica Redemptoris missio del sumo ponĂfice Juan Pablo II sobre la permanente validez del mandato misionero _cJuan Pablo II |
| 260 |
_aSanto Domingo : _bEdiciones MSC, _c1991 |
||
| 300 |
_a154 p. ; _c22 cm. |
||
| 590 | _aInventariado, 2022 / DG | ||
| 910 | _aDG | ||
| 942 |
_2ddc _cLBS1 |
||
| 999 |
_c51743 _d51743 |
||